| 000 | 01030cam a2200169ua 4500 | ||
|---|---|---|---|
| 020 | _c10.00 | ||
| 041 |
_aeng _h |
||
| 082 |
_a627.133 _bIND/RE |
||
| 110 | 1 |
_aIndian standards institution . _bISI _c() |
|
| 245 |
_aRecommendation for estimation of flow of liquids in closed conducts ,Part-1 ,head loss in straight pipes due to frictional resistance,IS:2951-1965 / _cIndian standards institution. _hTextual Documents |
||
| 260 |
_a : _bISI , _c1982. |
||
| 300 | _a18 ; . | ||
| 365 | _a10.00 | ||
| 504 | _a | ||
| 942 | _cBK | ||
| 999 |
_c4369 _d4369 |
||